[Event "Challenge"]
[Site "http://www.queenalice.com/game.php?id=1548423"]
[Date "2018.11.7"]
[Round "-"]
[White "vivoferreira"]
[Black "Marcelo_Araujo"]
[Result "1-0"]
[WhiteElo "1567"]
[BlackElo "1820"]

1. e4 e5 2. Nf3 Nc6 3. d4 exd4 4. Nxd4 Nxd4 5. Qxd4 d6 6. Bh6 Nf6 7. Bg5 Be7 8.
c3 h6 9. Bxf6 Bxf6 10. Qe3 O-O 11. Bd3 Re8 12. O-O b6 13. Nd2 Bb7 14. Rad1 d5
15. Rfe1 dxe4 16. Nxe4 Bxe4 17. Bxe4 Bxc3 18. Rxd8 Raxd8 19. Qxc3 f5 20. Bd5+
Kh8 21. g3 Rxe1+ 22. Qxe1 Rxd5 23. Qe8+ Kh7 24. g4 c5 25. b3 Rd1+ 26. Kg2 fxg4
27. Qb8 Rd7 28. Qf4 Rd4 29. Qc7 h5 30. Qxa7 h4 31. Qxb6 Rd3 32. Qc7 h3+ 33. Kf1
Rd1+ 34. Ke2 Ra1 35. a4 Ra2+ 36. Ke3 Ra3 37. Qb6 c4 38. Kf4 cxb3 39. Kxg4 Rxa4+
40. Kxh3 Rf4 41. Qxb3 Rxf2 42. Qd3+ g6 43. Kg3 Rf5 44. Qd7+ Kh6 45. h4 1-0

[Event "Challenge"]
[Site "http://www.queenalice.com/game.php?id=1548424"]
[Date "2018.11.7"]
[Round "-"]
[White "Marcelo_Araujo"]
[Black "vivoferreira"]
[Result "1-0"]
[WhiteElo "1806"]
[BlackElo "1582"]

1. e4 c5 2. Nf3 e6 3. Bb5 a6 4. Bc4 b5 5. Bd3 Nc6 6. O-O Bb7 7. b3 g6 8. Bb2 f6
9. Ng5 Bg7 10. Nf3 e5 11. Nc3 Nd4 12. Nxd4 exd4 13. Nd5 Ne7 14. Nxe7 Qxe7 15.
Re1 O-O 16. c3 d5 17. exd5 Bxd5 18. Rxe7 Rfe8 19. Rd7 1-0

[Event "Challenge"]
[Site "http://www.queenalice.com/game.php?id=1549054"]
[Date "2018.11.13"]
[Round "-"]
[White "Marcelo_Araujo"]
[Black "vivoferreira"]
[Result "1-0"]
[WhiteElo "1813"]
[BlackElo "1587"]

1. e4 c5 2. Nf3 e6 3. g3 Nc6 4. Bb5 Nd4 5. Nxd4 b6 6. O-O a6 7. Nxe6 fxe6 8. Be2
Bb7 9. Nc3 d6 10. d3 e5 11. Nd5 Bxd5 12. exd5 Nf6 13. Bg5 Be7 14. Bxf6 Bxf6 15.
Bg4 O-O 16. Be6+ Kh8 17. Bf5 e4 18. c3 exd3 19. Bxd3 b5 20. Qh5 Ra7 21. Qxh7#
1-0

[Event "Challenge"]
[Site "http://www.queenalice.com/game.php?id=1550564"]
[Date "2018.11.24"]
[Round "-"]
[White "Marcelo_Araujo"]
[Black "vivoferreira"]
[Result "0-1"]
[WhiteElo "1794"]
[BlackElo "1565"]

1. e4 c5 2. Nf3 e6 3. Bb5 a6 4. Bd3 Nc6 5. O-O b5 6. Nc3 Bb7 7. b3 g6 8. Bb2 Bg7
9. Rb1 Nge7 10. Re1 Ne5 11. Nxe5 Bxe5 12. Ne2 Bxb2 13. Rxb2 Rb8 14. Nf4 Nc6 15.
c3 Ne5 16. Bc2 O-O 17. d4 cxd4 18. Qxd4 Nc6 19. Qc5 d6 20. Qe3 Ne5 21. Rd1 Ng4
22. Qg3 Nf6 23. e5 Nd5 24. Nxd5 Bxd5 25. exd6 Rb6 26. h3 Rxd6 27. Bb1 f5 28.
Rbd2 Rf7 29. c4 bxc4 30. bxc4 f4 31. Qxf4 Rxf4 32. cxd5 Rxd5 33. Rxd5 exd5 0-1

[Event "Challenge"]
[Site "http://www.queenalice.com/game.php?id=1550681"]
[Date "2018.11.25"]
[Round "-"]
[White "vivoferreira"]
[Black "Marcelo_Araujo"]
[Result "0-1"]
[WhiteElo "1540"]
[BlackElo "1769"]

1. e4 e5 2. d4 exd4 3. Qxd4 Nc6 4. Qd1 d6 5. Bb5 Bd7 6. Nc3 a6 7. Bc4 Nf6 8. Nf3
Bg4 9. O-O Qe7 10. Bd3 O-O-O 11. Be2 Nxe4 12. Nd5 Qe6 13. Nf4 Qf5 14. Nh4 Bxe2
15. Nxe2 Qg4 16. g3 Re8 17. Nf4 Qxd1 18. Rxd1 g5 19. f3 Nf6 20. Nfg2 gxh4 21.
Nxh4 d5 22. b3 Rg8 23. Bb2 Nh5 24. Rxd5 Re5 25. Bxe5 Nxe5 26. Re1 f6 27. g4 Nf4
28. Red1 Bd6 29. Kf2 Nh3+ 30. Kg3 Ng5 31. f4 Ne4+ 32. Kh3 Nf2+ 33. Kg2 Nxd1 34.
fxe5 Ne3+ 0-1

[Event "Challenge"]
[Site "http://www.queenalice.com/game.php?id=1553791"]
[Date "2018.12.22"]
[Round "-"]
[White "vivoferreira"]
[Black "Marcelo_Araujo"]
[Result "0-1"]
[WhiteElo "1530"]
[BlackElo "1783"]

1. e4 e5 2. Nf3 Nc6 3. Nc3 Bb4 4. Nd5 Bc5 5. h3 Nf6 6. Nxf6+ Qxf6 7. b3 O-O 8.
Bb2 b6 9. d4 exd4 10. e5 Re8 11. Be2 Nxe5 12. Nxe5 Qxe5 13. Qd2 Qe4 14. f3 Qh4+
15. Kd1 Qf2 16. g4 Rxe2 17. Qd3 Bb4 18. c3 dxc3 19. Bxc3 Bxc3 20. Qxc3 c5 21.
Re1 Rxe1+ 22. Qxe1 Qxe1+ 23. Kxe1 d5 24. Rd1 d4 25. Kf2 Bb7 26. b4 Ba6 27. bxc5
bxc5 28. a4 Re8 29. Kg3 Re3 30. Rc1 g6 31. Rxc5 Be2 32. Rd5 f6 33. Rxd4 g5 34.
Kf2 Rd3 35. Rxd3 Bxd3 36. Ke3 Bf1 37. Kd4 Bxh3 38. Kc5 Bg2 39. Kb5 Bxf3 40. Ka6
Bxg4 41. Kxa7 Bf3 0-1

[Event "Challenge"]
[Site "http://www.queenalice.com/game.php?id=1553792"]
[Date "2018.12.22"]
[Round "-"]
[White "Marcelo_Araujo"]
[Black "vivoferreira"]
[Result "1-0"]
[WhiteElo "1776"]
[BlackElo "1552"]

1. e4 c5 2. Nf3 b6 3. Bc4 e6 4. O-O Bb7 5. Nc3 d6 6. d4 d5 7. exd5 exd5 8. Re1+
Ne7 9. Bb5+ Bc6 10. dxc5 a6 11. Bd3 d4 12. Nxd4 Bb7 13. cxb6 Qxd4 14. Ne2 Qxb6
15. b3 g6 16. Bb2 Rg8 17. Bc4 Nbc6 18. Nf4 Rd8 19. Qe2 Bg7 20. Nd5 Rxd5 21. Bxd5
Qc7 22. Bxg7 Rxg7 23. Bxc6+ Bxc6 24. Qxa6 Kf8 25. Re2 f5 26. Rae1 Qb8 27. Qc4
Bb5 28. Qe6 Bxe2 29. Rxe2 Qa8 30. g3 Qf3 31. Rd2 f4 32. Rd8# 1-0

[Event "Challenge"]
[Site "http://www.queenalice.com/game.php?id=1557423"]
[Date "2019.1.20"]
[Round "-"]
[White "Marcelo_Araujo"]
[Black "vivoferreira"]
[Result "1-0"]
[WhiteElo "1789"]
[BlackElo "1520"]

1. e4 e5 2. Nf3 Nc6 3. Bb5 Nd4 4. Nxd4 exd4 5. O-O b6 6. b3 Bb7 7. Re1 c6 8. Bc4
d6 9. Bb2 c5 10. Qf3 g6 11. Qxf7# 1-0

[Event "Challenge"]
[Site "http://www.queenalice.com/game.php?id=1559006"]
[Date "2019.1.31"]
[Round "-"]
[White "vivoferreira"]
[Black "Marcelo_Araujo"]
[Result "0-1"]
[WhiteElo "1522"]
[BlackElo "1794"]

1. e4 e5 2. Nf3 Nc6 3. Nc3 Nf6 4. d3 Bb4 5. Bd2 O-O 6. Nd5 Bxd2+ 7. Nxd2 Nxd5 8.
exd5 Nd4 9. c3 Nf5 10. g3 d6 11. Bh3 Ne3 12. fxe3 Bxh3 13. Qf3 f5 14. O-O-O Qg5
15. Rde1 Rae8 16. Nc4 Re7 17. Kc2 Rfe8 18. e4 fxe4 19. Rxe4 Bf5 20. Ree1 e4 21.
Qe3 exd3+ 0-1

[Event "Challenge"]
[Site "http://www.queenalice.com/game.php?id=1559633"]
[Date "2019.2.4"]
[Round "-"]
[White "Marcelo_Araujo"]
[Black "vivoferreira"]
[Result "1-0"]
[WhiteElo "1799"]
[BlackElo "1517"]

1. e4 c5 2. Bb5 e6 3. Nf3 a6 4. Be2 d6 5. O-O b5 6. d4 cxd4 7. Nxd4 Bb7 8. c4
Bxe4 9. cxb5 a5 10. Bd2 Be7 11. Nc3 e5 12. Nf5 Bxf5 13. Bf3 Nf6 14. Bxa8 Nbd7
15. Bc6 O-O 16. Re1 Nc5 17. Re3 Bd7 18. Rc1 Qc7 19. Nd5 Bxc6 20. Nxc7 1-0

[Event "Challenge"]
[Site "http://www.queenalice.com/game.php?id=1562532"]
[Date "2019.2.28"]
[Round "-"]
[White "vivoferreira"]
[Black "Marcelo_Araujo"]
[Result "0-1"]
[WhiteElo "1565"]
[BlackElo "1804"]

1. e4 e5 2. Nf3 Nc6 3. Nc3 Nf6 4. d4 Nxd4 5. Nxd4 exd4 6. Qxd4 Be7 7. Bg5 O-O 8.
O-O-O d6 9. g3 Bg4 10. Be2 c5 11. Bxf6 cxd4 12. Bxe7 Qxe7 13. Bxg4 dxc3 14. b3
d5 15. Rxd5 Qxe4 0-1

[Event "Challenge"]
[Site "http://www.queenalice.com/game.php?id=1562864"]
[Date "2019.3.2"]
[Round "-"]
[White "Marcelo_Araujo"]
[Black "vivoferreira"]
[Result "1-0"]
[WhiteElo "1810"]
[BlackElo "1516"]

1. e4 c5 2. Nf3 e6 3. Bc4 Nc6 4. O-O b6 5. d4 cxd4 6. Nxd4 Bb7 7. Bg5 Qxg5 8.
Nc3 Nxd4 9. Qxd4 d5 10. exd5 exd5 11. Rfe1+ Ne7 12. Bxd5 Bxd5 13. Nxd5 Rd8 14.
Qa4+ Rd7 15. Rad1 g6 16. Nxe7 b5 17. Nxg6+ Kd8 18. Qa5+ Kc8 19. Re8+ Rd8 20.
Rdxd8+ 1-0

[Event "Challenge"]
[Site "http://www.queenalice.com/game.php?id=1564581"]
[Date "2019.3.17"]
[Round "-"]
[White "vivoferreira"]
[Black "Marcelo_Araujo"]
[Result "1-0"]
[WhiteElo "1484"]
[BlackElo "1814"]

1. e4 e5 2. Nf3 Nc6 3. Nc3 Nf6 4. d4 Nxd4 5. Nxd4 exd4 6. Qxd4 Be7 7. Be3 O-O 8.
Be2 d6 9. Bg5 Be6 10. O-O-O Re8 11. f3 Nxe4 12. Bxe7 Rxe7 13. Qxe4 Bxa2 14. Qxb7
Be6 15. Rhe1 a5 16. Rd3 a4 17. Nb5 c5 18. Qe4 Ba2 19. Qh4 Qa5 20. Red1 Rxe2 21.
Nxd6 Rb8 22. Nc4 Rxc2+ 23. Kxc2 1-0

[Event "Challenge"]
[Site "http://www.queenalice.com/game.php?id=1566768"]
[Date "2019.4.6"]
[Round "-"]
[White "Marcelo_Araujo"]
[Black "vivoferreira"]
[Result "1-0"]
[WhiteElo "1785"]
[BlackElo "1473"]

1. e4 c5 2. Bb5 e6 3. Nf3 a6 4. Bd3 Nc6 5. O-O Nf6 6. Nc3 b5 7. b3 Bb7 8. Bb2
Be7 9. Re1 d5 10. exd5 exd5 11. Re2 O-O 12. Ng5 d4 13. Nce4 Nd5 14. Nxh7 Kxh7
15. Nxc5+ g6 16. Nxb7 Qc7 17. c4 Nf4 18. Bxg6+ fxg6 19. Re4 Qxb7 20. Qg4 Nh5 21.
Rae1 Qb6 22. d3 Kg7 23. Re6 Rae8 24. Qxg6+ Kh8 25. Bxd4+ Rf6 26. Bxf6+ Bxf6 27.
Rxe8# 1-0

[Event "Challenge"]
[Site "http://www.queenalice.com/game.php?id=1571521"]
[Date "2019.5.20"]
[Round "-"]
[White "vivoferreira"]
[Black "Marcelo_Araujo"]
[Result "0-1"]
[WhiteElo "1428"]
[BlackElo "1789"]

1. e4 e5 2. Nf3 Nc6 3. Nc3 Nf6 4. d3 Bb4 5. Bd2 O-O 6. Nd5 Bxd2+ 7. Qxd2 Nd4 8.
Nxe5 Re8 9. Nxf6+ Qxf6 10. Nc4 d5 11. Na3 dxe4 12. dxe4 Rxe4+ 13. Kd1 Bg4+ 14.
f3 Nxf3 15. gxf3 Rd8 16. Bd3 Bxf3+ 17. Kc1 Bxh1 18. b3 Qxa1+ 19. Nb1 Qxa2 20.
Qc3 Re7 21. Qb4 Rde8 0-1

[Event "Challenge"]
[Site "http://www.queenalice.com/game.php?id=1571522"]
[Date "2019.5.20"]
[Round "-"]
[White "Marcelo_Araujo"]
[Black "vivoferreira"]
[Result "0-1"]
[WhiteElo "1755"]
[BlackElo "1511"]

1. e4 c5 2. Nf3 Nc6 3. Bb5 Nd4 4. Nxd4 cxd4 5. c3 dxc3 6. dxc3 e6 7. O-O a6 8.
Ba4 b5 9. Bb3 Bb7 10. Re1 g6 11. Be3 Bg7 12. Nd2 Ne7 13. Bf4 e5 14. Bg5 O-O 15.
Nf3 d6 16. Qe2 Qc7 17. Rad1 h6 18. Bxe7 Qxe7 19. Qd3 Rad8 20. Rd2 Kh8 21. Red1
f5 22. Qe3 Bxe4 23. Qb6 Bxf3 24. gxf3 e4 25. fxe4 Be5 26. f3 Qh4 27. Rg2 fxe4
28. fxe4 Rf4 29. Rxg6 Rg4+ 30. Rxg4 Qxg4+ 31. Kf2 Rf8+ 32. Ke1 Bxh2 33. Rxd6
Bg3+ 34. Kd2 Bf4+ 35. Ke1 Qg3+ 36. Qf2 Qxf2+ 37. Kxf2 Bxd6+ 38. Kg2 Kg7 39. Bd5
Bc5 40. Bb7 a5 41. a3 Rf2+ 42. Kg3 Rxb2 43. Bc6 Bxa3 44. e5 Rb3 45. e6 Rxc3+ 46.
Kf4 Rxc6 0-1

[Event "Challenge"]
[Site "http://www.queenalice.com/game.php?id=1572771"]
[Date "2019.5.29"]
[Round "-"]
[White "josebaron"]
[Black "Marcelo_Araujo"]
[Result "1-0"]
[WhiteElo "1985"]
[BlackElo "1791"]

1. e4 e5 2. Bc4 Nf6 3. Nc3 Bc5 4. Nf3 Nc6 5. d3 O-O 6. h3 a6 7. a4 Bb4 8. O-O
Bxc3 9. bxc3 d5 10. exd5 Nxd5 11. Bxd5 Qxd5 12. c4 Qc5 13. Bb2 Bf5 14. Ba3 Qa7
15. Bxf8 Rxf8 16. Re1 Re8 17. c3 Qb6 18. Rb1 Qa7 19. Re3 f6 20. Qb3 b6 21. c5+
Kh8 22. cxb6 cxb6 23. Qxb6 Qxb6 24. Rxb6 Nb8 25. Nxe5 Kg8 26. Ng4 Rf8 27. a5 h5
28. Nxf6+ gxf6 29. Re7 Nd7 30. Rxa6 Nc5 31. Raa7 Kh8 32. d4 Ne4 33. c4 Rc8 34.
c5 Nxc5 35. dxc5 Rxc5 36. Ra8+ Bc8 37. Re8+ Kg7 38. Rexc8 Rxa5 39. Rxa5 Kg6 40.
Rcc5 h4 41. Rh5 Kg7 42. Rxh4 Kg6 43. Rf4 Kf7 44. Ra6 Kg6 45. Rfxf6+ Kg5 46. g4
Kh4 47. Rh6+ Kg5 48. Rh5+ Kf4 49. Ra4+ Kf3 50. Rf5+ Ke2 51. Ra3 Kd2 52. Re5 Kc2
53. Re2+ Kd1 54. Kf1 Kc1 55. Ra1# 1-0

[Event "Challenge"]
[Site "http://www.queenalice.com/game.php?id=1573915"]
[Date "2019.6.10"]
[Round "-"]
[White "vivoferreira"]
[Black "Marcelo_Araujo"]
[Result "1-0"]
[WhiteElo "1483"]
[BlackElo "1783"]

1. d4 d5 2. Nc3 Nf6 3. Nf3 e6 4. Bg5 Bd6 5. Bxf6 Qxf6 6. g3 O-O 7. e4 dxe4 8.
Nxe4 Qf5 9. Nxd6 cxd6 10. Bg2 Nc6 11. a3 b5 12. Nh4 Qg5 13. Bxc6 Rb8 14. Qe2 Ba6
15. f4 Qf6 16. O-O-O Rb6 17. Bf3 b4 18. Qd2 bxa3 19. bxa3 Rfb8 20. Qc3 e5 21.
dxe5 dxe5 22. Qc7 exf4 23. Nf5 fxg3 24. Ne7+ Kf8 25. Rd8+ Rxd8 26. Qxd8# 1-0

[Event "Challenge"]
[Site "http://www.queenalice.com/game.php?id=1575283"]
[Date "2019.6.24"]
[Round "-"]
[White "vivoferreira"]
[Black "Marcelo_Araujo"]
[Result "0-1"]
[WhiteElo "1551"]
[BlackElo "1729"]

1. e4 e5 2. Nf3 Nc6 3. d4 Bb4+ 4. c3 Bd6 5. d5 Nce7 6. c4 Nf6 7. Nc3 O-O 8. Bg5
Ng6 9. Bxf6 Qxf6 10. Be2 c6 11. dxc6 dxc6 12. O-O Bg4 13. Nd2 Bxe2 14. Qxe2 Bc5
15. Na4 Bd4 16. Nf3 Rad8 17. Rad1 Nf4 18. Qd2 Qg6 19. Qd3 Qxg2# 0-1

[Event "Challenge"]
[Site "http://www.queenalice.com/game.php?id=1576607"]
[Date "2019.7.7"]
[Round "-"]
[White "vivoferreira"]
[Black "Marcelo_Araujo"]
[Result "1/2-1/2"]
[WhiteElo "1478"]
[BlackElo "1746"]

1. e4 e5 2. Nf3 Nc6 3. d4 Nxd4 4. Nxd4 exd4 5. Qxd4 d6 6. Nc3 Nf6 7. Bg5 Be7 8.
Be2 O-O 9. Bxf6 Bxf6 10. O-O-O Be6 11. Qd3 Qe7 12. f4 Rfd8 13. Qf3 Rab8 14. e5
dxe5 15. Rxd8+ Rxd8 16. Qxb7 exf4 17. Re1 Bxc3 18. bxc3 Qa3+ 19. Kb1 Qxa2+ 20.
Kc1 Qa3+ 21. Qb2 Qxb2+ 22. Kxb2 Rd2 23. Bf3 g5 24. h3 Kg7 25. Re5 h6 26. Be4 Kf6
27. Rc5 Re2 28. Bf3 Re5 29. Rxc7 Ra5 30. c4 Ke5 31. Kb3 Kd4 32. Kb4 Ra2 33. c3+
Kd3 34. Bd5 a5+ 35. Kb5 Kxc3 36. Bxe6 fxe6 37. Re7 a4 38. Rxe6 a3 39. c5 Rxg2
40. Ra6 a2 41. c6 Kb2 42. c7 Rc2 43. Kb6 a1=B 44. Kb7 Kb1 45. c8=Q Rxc8 46. Kxc8
Bg7 47. Rc6 f3 48. Rc7 Bf8 49. Rf7 Bd6 50. Rxf3 h5 51. Rf5 g4 52. Rxh5 gxh3
1/2-1/2

[Event "Challenge"]
[Site "http://www.queenalice.com/game.php?id=1576608"]
[Date "2019.7.7"]
[Round "-"]
[White "Marcelo_Araujo"]
[Black "vivoferreira"]
[Result "1-0"]
[WhiteElo "1738"]
[BlackElo "1528"]

1. e4 c5 2. Bb5 a6 3. Bc4 e6 4. Nf3 Nc6 5. O-O g6 6. Nc3 Bg7 7. d3 Nge7 8. Bg5
f6 9. Be3 Na5 10. Bb3 f5 11. exf5 exf5 12. Rb1 Nxb3 13. axb3 b6 14. Re1 d5 15.
Ne2 d4 16. Bg5 O-O 17. Nf4 Bf6 18. Bh6 Bg7 19. Ne6 Qe8 20. Nxf8 Qxf8 21. Bg5 Bf6
22. Bxf6 Qxf6 23. Qe2 Bb7 24. Qxe7 1-0

[Event "Challenge"]
[Site "http://www.queenalice.com/game.php?id=1580032"]
[Date "2019.8.12"]
[Round "-"]
[White "Marcelo_Araujo"]
[Black "vivoferreira"]
[Result "0-1"]
[WhiteElo "1726"]
[BlackElo "1478"]

1. e4 c5 2. Nf3 e6 3. Bb5 a6 4. Bc4 Nc6 5. O-O e5 6. Nc3 d6 7. d3 b5 8. Bd5 Bb7
9. Bg5 Be7 10. Bxe7 Ngxe7 11. Re1 Nxd5 12. Nxd5 Ne7 13. c4 bxc4 14. dxc4 O-O 15.
Qd2 Bxd5 16. cxd5 Rb8 17. b3 Ng6 18. Qd3 Nf4 19. Qxa6 Rc8 20. Rac1 Ra8 21. Qb5
Rxa2 22. Rc3 f5 23. exf5 Rxf5 24. b4 Nxd5 25. Rd3 Nxb4 26. Rc3 Ra5 27. Qb7 Na2
28. Rb3 Rf7 29. Qd5 Nb4 30. Qe6 Kf8 31. Rd1 Ra6 32. Nxe5 Re7 33. Qf5+ Kg8 34.
Ng4 Qe8 35. Re3 Rxe3 36. Nxe3 g6 37. Qf6 d5 38. Qg5 d4 39. Nf5 Nd3 40. Nh6+ Kg7
41. g3 Ra2 42. Rxd3 Ra1+ 43. Kg2 Qe4+ 44. Rf3 Rg1+ 45. Kxg1 Qxf3 46. Nf5+ Qxf5
47. Qc1 d3 48. Kf1 Qd5 49. Ke1 c4 50. Kd2 Kf6 51. Qc3+ Kf5 52. Qg7 h5 53. h3 Qe6
54. Qd4 Qe2+ 55. Kc3 Qc2+ 56. Kb4 Qb3+ 57. Kc5 Qc2 58. Qxc4 Qxf2+ 59. Kd6 Qxg3+
60. Ke7 Qe5+ 61. Kf7 Qf6+ 62. Kg8 Qe6+ 63. Qxe6+ Kxe6 0-1

[Event "Challenge"]
[Site "http://www.queenalice.com/game.php?id=1585518"]
[Date "2019.10.3"]
[Round "-"]
[White "vivoferreira"]
[Black "Marcelo_Araujo"]
[Result "1-0"]
[WhiteElo "1504"]
[BlackElo "1700"]

1. e4 e5 2. Nf3 Nc6 3. Nc3 Nf6 4. Bc4 Bb4 5. Ng5 O-O 6. O-O d6 7. a3 Bxc3 8.
bxc3 Qe7 9. d4 exd4 10. cxd4 Nxe4 11. Re1 Nxf2 12. Kxf2 Qf6+ 13. Kg1 h6 14. Nxf7
Qxd4+ 15. Qxd4 Nxd4 16. Nxd6+ Kh7 17. Bd3+ Kh8 18. Bb2 Ne6 19. Nxc8 Raxc8 20.
Rxe6 Rf7 21. Bc4 Rd8 22. Rxh6+ Kg8 23. Bxf7+ Kxf7 24. Rf1+ Kg8 25. Rg6 Rd7 26.
Re1 Rd2 27. Rxg7+ Kf8 28. Rf1+ Ke8 29. a4 Rxc2 30. Rh7 Rxb2 31. Rxc7 Ra2 32.
Re1+ Kd8 33. Rxb7 Rxa4 34. Ree7 a5 35. Ra7 Ra2 36. Rh7 Ra1+ 37. Kf2 1-0

[Event "Challenge"]
[Site "http://www.queenalice.com/game.php?id=1585683"]
[Date "2019.10.4"]
[Round "-"]
[White "Marcelo_Araujo"]
[Black "noroc"]
[Result "0-1"]
[WhiteElo "1735"]
[BlackElo "1916"]

1. e4 e5 2. Nf3 Nc6 3. Bb5 a6 4. Bxc6 dxc6 5. O-O Bg4 6. h3 h5 7. Nc3 Qf6 8. d3
Bxf3 9. Qxf3 Qxf3 10. gxf3 O-O-O 11. Bg5 f6 12. Bh4 Ne7 13. Rad1 Ng6 14. Bg3 Bc5
15. Na4 Ba7 16. Rfe1 Nf8 17. Rd2 Ne6 18. Red1 Rd4 19. Nc3 h4 20. Bh2 Rh6 21. Kf1
Ng5 22. Kg2 Rg6 23. f4 Nxe4+ 24. Kf3 Nxd2+ 25. Rxd2 Rb4 26. b3 exf4 27. Bxf4 Rg1
28. Ne2 Rf1 29. Be3 Bxe3 30. Kxe3 Ra1 31. a4 b5 32. axb5 cxb5 33. Nf4 Re1+ 34.
Kf3 c6 35. Nh5 Re5 36. Nxg7 Kd7 37. d4 Rg5 38. d5 Rxg7 39. dxc6+ Kxc6 40. Re2
Kd5 41. Re3 Rc7 42. Rd3+ Rd4 43. Rxd4+ Kxd4 44. c4 bxc4 45. bxc4 Rxc4 46. Kg4
Ke5+ 0-1